Bezpečné aktíva - ich úloha a funcia v ekonomike diplomová práca

Enregistré dans:
Détails bibliographiques
Auteur principal: Berzéty, Peter
Collectivité auteur: Národohospodárska fakulta EU. Katedra financií
Autres auteurs: Gertler, Ľubomíra, 1977-
Format: Livre
Langue:slovaque
Publié: Bratislava 2018
Tags: Ajouter un tag
Pas de tags, Soyez le premier à ajouter un tag!

MARC

LEADER 00000nbm a2200000 4500
001 0244424
005 20181113144724.3
041 0 |a slo 
044 |a SK 
245 1 0 |a Bezpečné aktíva - ich úloha a funcia v ekonomike  |b diplomová práca  |c Peter Berzéty ; školiteľ: Ľubomíra Gertler 
264 1 |a Bratislava  |c 2018 
300 |a 75 s. 
100 1 |a Berzéty, Peter 
700 1 |a Gertler, Ľubomíra, 1977- 
710 2 |a Národohospodárska fakulta EU. Katedra financií